|
|
|
|
| LEADER |
01337nam a2200301 a 4500 |
| 001 |
7896 |
| 003 |
BD-DhAAL |
| 008 |
151221s1976 bg ab 001 0 eng d |
| 010 |
|
|
|a 46042746
|
| 020 |
|
|
|a 8176462373 (set)
|
| 020 |
|
|
|a 817646239x (vol.II)
|
| 040 |
|
|
|a DLC
|c AzU
|d DLC
|d BD-DhAAL
|
| 082 |
|
|
|a 954.1
|2 17
|
| 245 |
1 |
4 |
|a The History of Bengal :
|b Muslim period 1200 - 1757 /
|c edited by Sarkar Jadunath.
|
| 260 |
|
|
|a Dacca,
|a New Delhi :
|b The University of Dacca
|b B. R. Publishing,
|c 2003
|
| 300 |
|
|
|a xiii, 530 p. :
|c 22 cm.
|
| 362 |
0 |
|
|a Vol. II
|
| 500 |
|
|
|a "First editon 1948."
|
| 500 |
|
|
|a The preparation and publication of the history is under the management of the History of Bengal publication committee. cf. p. viii.
|
| 541 |
1 |
|
|e 7896
|
| 651 |
|
0 |
|a Bengal (India)
|x History.
|9 16892
|
| 700 |
1 |
|
|a Sarkar, Jadu-nath.
|9 16893
|
| 710 |
2 |
|
|a History of Bengal Publication Committee.
|9 16894
|
| 710 |
1 |
|
|a Dacca, India.
|b University.
|9 16895
|
| 942 |
|
|
|2 ddc
|c BK
|
| 999 |
|
|
|c 36427
|d 36427
|
| 952 |
|
|
|0 0
|1 0
|2 ddc
|4 0
|6 954_100000000000000_HIS
|7 0
|9 57327
|a SCL
|b SCL
|c GEN
|d 2015-12-22
|g 655.00
|l 8
|m 26
|o 954.1 HIS
|p 3020007896
|r 2024-04-23
|s 2024-01-31
|t 1
|w 2015-12-22
|y BK
|
| 952 |
|
|
|0 0
|1 0
|2 ddc
|4 0
|6 954_100000000000000_HIS
|7 0
|9 57350
|a SCL
|b SCL
|c GEN
|d 2015-12-22
|g 655.00
|l 4
|m 21
|o 954.1 HIS
|p 3020007897
|r 2024-02-29
|s 2024-02-22
|t 2
|w 2015-12-22
|y BK
|